| 000 | 00563cam a22002052 4500 | ||
|---|---|---|---|
| 001 | 0000000405 | ||
| 005 | 20151217151749.0 | ||
| 008 | 070131s xx 000 0 eng d | ||
| 020 | _a0140233814 : | ||
| 040 |
_aKABU _cKABU |
||
| 050 | 0 |
_aF3429 _b.D38 |
|
| 100 | 1 |
_aDavies, Nigel. _@0000029465 |
|
| 245 | 1 | 4 |
_aThe Ancient kingdom of Peru / _cNigel Davies. |
| 260 |
_aLondon : _bPenguin, _c1997. |
||
| 300 | _axiv, 220 p. | ||
| 651 | 0 |
_aPeru _xCivilization. _@0000148583 |
|
| 908 | _a070131 | ||
| 950 | _@1 | ||
| 999 |
_c4772 _d4772 |
||